=LDR 00000nam 2200000 4500 =001 NUTBA000000000001380 =005 20200414081235 =035 ##$$a 0010-041400000000650 =008 200414################g##########0#ind## =082 ##$$a 2x1.2 =100 1#$$a Hariadi =245 1#$$a Yassarnal-Qur'an : $b Terjemahan perkata dengan Nahwu-sorof dan tafsir bebas kontemporer linta Asbaabul-Nuzuul /$c Ahmad Hariadi,Lukman Saad =260 ##$$a Jakarta :$b Dep. Agama,$c 2004 =300 ##$$a Ixxvii,1340 hlm ; $c 18 x 25 cm =084 ##$$a 2x1.2 HAR y =650 #4$$a Al-Qur'an =990 ##$$a 20904496 =990 ##$$a 21195352/BPAP-NTB/2014 =990 ##$$a 20804496